Teória vyučovania štatistiky

Enregistré dans:
Détails bibliographiques
Auteur principal: Zelenák, Jozef
Collectivité auteur: Vysoká škola ekonomická v Bratislave. Národohospodárska fakulta
Format: Livre
Langue:slovaque
Publié: Bratislava Vysoká škola ekonomická 1986
Édition:1. vyd.
Tags: Ajouter un tag
Pas de tags, Soyez le premier à ajouter un tag!

MARC

LEADER 00000nam a2200000 4500
001 c022521
005 20221219100953.3
041 0 |a slo 
044 |a SK 
245 1 0 |a Teória vyučovania štatistiky  |c Jozef Zelenák 
250 |a 1. vyd. 
264 1 |a Bratislava  |b Vysoká škola ekonomická  |c 1986 
300 |a 224 s. 
100 1 |a Zelenák, Jozef 
710 2 |a Vysoká škola ekonomická v Bratislave. Národohospodárska fakulta